| 000 | 00636nam a2200265Ia 4500 | ||
|---|---|---|---|
| 003 | OSt | ||
| 005 | 20221006151505.0 | ||
| 006 | a|||||r|||| 00| 0 | ||
| 007 | ta | ||
| 008 | 221006b |||||||| |||| 00| 0 jpn d | ||
| 020 | _c¥130 | ||
| 024 | _a22,309 | ||
| 037 | _cTextual | ||
| 040 |
_aEASL _cEASL _bjpn |
||
| 041 |
_2jpn _ajpn |
||
| 082 | _aO:g, K3 | ||
| 100 |
_aKUWAHARA Takeo _9659322 |
||
| 245 | 0 | _aBungaku nyumon | |
| 260 |
_aTokyo _bIwanami Shinsho Japan _c1963 |
||
| 300 |
_a179p. _ccm. |
||
| 490 | _v JL | ||
| 650 | _aJL | ||
| 942 |
_hO:g, K3 _cTEXL _2CC |
||
| 999 |
_c1090395 _d1090395 |
||